Implementing the Americans with disabilities act of 1990: assessing the variables of success (Record no. 24351)
[ view plain ]
| 000 -LEADER | |
|---|---|
| fixed length control field | 00388pab a2200121 454500 |
| 008 - FIXED-LENGTH DATA ELEMENTS--GENERAL INFORMATION | |
| fixed length control field | 180718b xxu||||| |||| 00| 0 eng d |
| 100 ## - MAIN ENTRY--PERSONAL NAME | |
| Personal name | Bishop, Peter C. |
| 245 ## - TITLE STATEMENT | |
| Title | Implementing the Americans with disabilities act of 1990: assessing the variables of success |
| 650 ## - SUBJECT ADDED ENTRY--TOPICAL TERM | |
| Topical term or geographic name entry element | Handicapped - U.S.A. |
| 700 ## - ADDED ENTRY--PERSONAL NAME | |
| Personal name | Jones, ugustus J., Jr. |
| 773 ## - HOST ITEM ENTRY | |
| Main entry heading | Public Administration Review |
| 909 ## - | |
| -- | 24351 |
| Withdrawn status | Lost status | Damaged status | Not for loan | Permanent Location | Current Location | Date acquired | Serial Enumeration / chronology | Barcode | Date last seen | Price effective from | Koha item type |
|---|---|---|---|---|---|---|---|---|---|---|---|
| Indian Institute of Public Administration | Indian Institute of Public Administration | 2018-07-19 | Issue no: 53(3) Mar.-Apr.93, p.121-8 | AR24420 | 2018-07-19 | 2018-07-19 | Articles |
